| 000 | 00916cai a22001935a 4500 | ||
|---|---|---|---|
| 001 | E145891 | ||
| 008 | 081120u xxk g 000 0 eng d | ||
| 035 | _a(Sirsi) u145891 | ||
| 041 | 0 | _aeng | |
| 110 | 2 |
_aDeer Commission for Scotland _93964 |
|
| 245 | 0 | 0 |
_aDeer Commission for Scotland _bpromoting the management of all wild deer in Scotland _h[electronic resource] |
| 520 | _aWebsite of the Deer Commission for Scotland, containing a range of information on the management of wild deer. Includes best practice guidelines, links to information on deer-related research and publications. | ||
| 590 | _aKA | ||
| 610 | 2 | 4 |
_aDeer Commission for Scotland _93964 |
| 651 | 4 |
_aScotland _y1999- |
|
| 690 | _aENVIRONMENTAL AND LAND CONSULTANCY-ENVIRONMENTAL MANAGEMENT-ENVIRONMENTAL CONSERVATION-WILDLIFE CONSERVATION | ||
| 856 | 4 | 0 |
_uhttps://www.dcs.gov.uk _zView the website free of charge at www.dcs.gov.uk... |
| 942 | _n0 | ||
| 999 |
_c120735 _d120735 |
||